Question bank book series : 14 Anatomy / (Record no. 1376)
[ view plain ]
| 000 -LEADER | |
|---|---|
| fixed length control field | 00475nam a2200193 4500 |
| 005 - DATE AND TIME OF LATEST TRANSACTION | |
| control field | 20250401154722.0 |
| 006 - FIXED-LENGTH DATA ELEMENTS--ADDITIONAL MATERIAL CHARACTERISTICS--GENERAL INFORMATION | |
| fixed length control field | 000 |
| 007 - PHYSICAL DESCRIPTION FIXED FIELD--GENERAL INFORMATION | |
| fixed length control field | 000 |
| 008 - FIXED-LENGTH DATA ELEMENTS--GENERAL INFORMATION | |
| fixed length control field | 000 |
| 040 ## - CATALOGING SOURCE | |
| Original cataloging agency | UOEL |
| 050 ## - LIBRARY OF CONGRESS CALL NUMBER | |
| Classification number | QM33.3 |
| Item number | .I5A8 |
| 100 ## - MAIN ENTRY--PERSONAL NAME | |
| Personal name | V. Natarajan |
| 245 ## - TITLE STATEMENT | |
| Title | Question bank book series : 14 Anatomy / |
| Statement of responsibility, etc | V. Natarajan. |
| 260 ## - PUBLICATION, DISTRIBUTION, ETC. (IMPRINT) | |
| Place of publication, distribution, etc | New Delhi : |
| Name of publisher, distributor, etc | Association of Indian Universities , |
| Date of publication, distribution, etc | c1983. |
| 300 ## - PHYSICAL DESCRIPTION | |
| Extent | 444p. |
| 440 ## - SERIES STATEMENT/ADDED ENTRY--TITLE | |
| Title | Question Bank Book Series |
| 650 ## - SUBJECT ADDED ENTRY--TOPICAL TERM | |
| Topical term or geographic name as entry element | Human Anatomy |
| 942 ## - ADDED ENTRY ELEMENTS (KOHA) | |
| Source of classification or shelving scheme | Library of Congress Classification |
| Item type | BOOK |
| Withdrawn status | Lost status | Source of classification or shelving scheme | Damaged status | Not for loan | Home library | Current library | Shelving location | Date acquired | Total Checkouts | Full call number | Barcode | Date last seen | Copy number | Price effective from | Koha item type |
|---|---|---|---|---|---|---|---|---|---|---|---|---|---|---|---|
| Library of Congress Classification | UOE Main Library | UOE Main Library | Open shelf | 01/04/2025 | QM33.3 .I5A8 | 861818 | 27/04/2026 | 861818 | 01/04/2025 | Loan - Normal on open shelf |
